| 000 -LEADER |
| fixed length control field |
00465cam a22001577a 4500 |
| 008 - FIXED-LENGTH DATA ELEMENTS--GENERAL INFORMATION |
| fixed length control field |
180718b2013 xxu||||| |||| 00| 0 eng d |
| 020 ## - INTERNATIONAL STANDARD BOOK NUMBER |
| International Standard Book Number |
9781471131820 |
| 082 ## - DEWEY DECIMAL CLASSIFICATION NUMBER |
| Classification number |
K95 C838s |
| 100 ## - MAIN ENTRY--PERSONAL NAME |
| Personal name |
Covey, Stephen R. |
| 245 ## - TITLE STATEMENT |
| Title |
7 habits of highly effective people : powerful lessons in personal change |
| Statement of responsibility, etc. |
by Stephen R. Covey |
| 250 ## - EDITION STATEMENT |
| Edition statement |
25th |
| 260 ## - PUBLICATION, DISTRIBUTION, ETC. |
| Place of publication, distribution, etc. |
London |
| Name of publisher, distributor, etc. |
Simon & schuster |
| Date of publication, distribution, etc. |
2013 |
| 300 ## - PHYSICAL DESCRIPTION |
| Extent |
391p. |
| 650 ## - SUBJECT ADDED ENTRY--TOPICAL TERM |
| Topical term or geographic name entry element |
|
| 650 ## - SUBJECT ADDED ENTRY--TOPICAL TERM |
| Topical term or geographic name entry element |
Self-actualization (Psychology) |